[Event "CZE-chT2D 1516"]
[Site "Czech Republic"]
[Date "2016.04.03"]
[Round "10.7"]
[White "Daniel, Robert"]
[Black "Cach, Ondrej"]
[Result "1/2-1/2"]
[WhiteElo "1695"]
[BlackElo "1701"]
[PlyCount "36"]
[EventDate "2015.10.18"]
[EventType "team-tourn"]
[EventRounds "11"]
[EventCountry "CZE"]
[SourceTitle "EXT 2022"]
[Source "ChessBase"]
[SourceDate "2021.10.06"]
[SourceVersion "1"]
[SourceVersionDate "2021.10.06"]
[SourceQuality "1"]
[WhiteTeam "Rychnov nad Kneznou"]
[BlackTeam "Polabiny III"]
[WhiteTeamCountry "CZE"]
[BlackTeamCountry "CZE"]

1. e4 c5 2. Nc3 a6 3. d3 b5 4. Nf3 Bb7 5. Be3 d6 6. Qd2 Nf6 7. g3 e6 8. Bg2 Be7 9. 0-0 0-0 10. Rad1 Nbd7 11. h3 b4 12. Ne2 a5 13. Nh2 a4 14. f4 Qc7 15. Rfe1 d5 16. e5 d4 17. Bf2 Bxg2 18. Kxg2 Nd5 1/2-1/2

[Event "Quebec-ch qual U2000"]
[Site "Montreal"]
[Date "2005.10.09"]
[Round "3"]
[White "Daniel, Robert"]
[Black "Sauve, Richard"]
[Result "1-0"]
[WhiteElo "1913"]
[BlackElo "1875"]
[PlyCount "103"]
[EventDate "2005.10.08"]
[EventType "swiss"]
[EventRounds "3"]
[EventCountry "CAN"]
[SourceTitle "EXT 2009"]
[Source "ChessBase"]
[SourceDate "2008.11.26"]
[SourceVersion "1"]
[SourceVersionDate "2008.11.26"]
[SourceQuality "1"]

1. e4 e6 2. d4 d5 3. e5 c5 4. c3 Qb6 5. Nf3 Nc6 6. Bd3 cxd4 7. cxd4 Bd7 8. 0-0 Nxd4 9. Nxd4 Qxd4 10. Nc3 a6 11. Re1 Ne7 12. Be3 Qxe5 13. Bc5 Qc7 14. Bd4 Bc6 15. Rc1 Qd7 16. Qh5 h6 17. f4 g6 18. Qh4 Rg8 19. g4 h5 20. h3 Bg7 21. Bc5 hxg4 22. hxg4 Rh8 23. Qg3 Bf6 24. Re2 Rc8 25. Rce1 Bb5 26. Bxe7 Bxe7 27. Nxb5 axb5 28. f5 gxf5 29. gxf5 Kf8 30. fxe6 fxe6 31. Bg6 Bc5+ 32. Kg2 Ke7 33. Qg5+ Kd6 34. Qf4+ Ke7 35. Rxe6+ Qxe6 36. Rxe6+ Kxe6 37. Bf5+ Ke7 38. Bxc8 Rxc8 39. Qe5+ Kd7 40. Qxd5+ Bd6 41. Qxb7+ Kd8 42. Qxb5 Rc2+ 43. Kf3 Rh2 44. a4 Ke7 45. a5 Rh3+ 46. Ke2 Rh8 47. Qb7+ Ke6 48. b3 Rh2+ 49. Kd1 Ra2 50. a6 Bc5 51. Qc6+ Bd6 52. b4 1-0